<?xml version="1.0" encoding="UTF-8"?>
<record
    xmlns:xsi="http://www.w3.org/2001/XMLSchema-instance"
    xsi:schemaLocation="http://www.loc.gov/MARC21/slim http://www.loc.gov/standards/marcxml/schema/MARC21slim.xsd"
    xmlns="http://www.loc.gov/MARC21/slim">

  <leader>02331nam a22003017a 4500</leader>
  <datafield tag="999" ind1=" " ind2=" ">
    <subfield code="c">21947</subfield>
    <subfield code="d">21947</subfield>
  </datafield>
  <controlfield tag="003">AR-CdUCM</controlfield>
  <controlfield tag="008">190425b           ||||| |||| 00| 0 spa d</controlfield>
  <datafield tag="040" ind1=" " ind2=" ">
    <subfield code="a">MUNICIPALIDAD PROVINCIAL DEL CUSCO</subfield>
    <subfield code="c">BIBLIOTECA MUNICIPAL DEL CUSCO</subfield>
  </datafield>
  <datafield tag="082" ind1=" " ind2=" ">
    <subfield code="a">Rev.Anto/N&#xB0;119/2011</subfield>
  </datafield>
  <datafield tag="110" ind1=" " ind2=" ">
    <subfield code="a">Universidad Nacional de San Antonio Abad del Cusco</subfield>
    <subfield code="9">15942</subfield>
  </datafield>
  <datafield tag="245" ind1=" " ind2=" ">
    <subfield code="a">El Antoniano :</subfield>
    <subfield code="b">Revista cient&#xED;fico cultural de la Universidad Nacional de San Antonio Abad del Cusco /</subfield>
    <subfield code="c">Hugo Bonet Rodr&#xED;guez, director</subfield>
  </datafield>
  <datafield tag="260" ind1=" " ind2=" ">
    <subfield code="a">Cusco :</subfield>
    <subfield code="b">UNSAAC,</subfield>
    <subfield code="c">2011.</subfield>
  </datafield>
  <datafield tag="300" ind1=" " ind2=" ">
    <subfield code="a">182 p&#xE1;ginas. :</subfield>
    <subfield code="b">ilustraciones ;</subfield>
    <subfield code="c">29 cm.</subfield>
  </datafield>
  <datafield tag="440" ind1=" " ind2=" ">
    <subfield code="a">El Antononiano.</subfield>
    <subfield code="n">A&#xF1;o 21, N&#xB0;119, tercer trimestre, 2011.</subfield>
    <subfield code="9">46958</subfield>
  </datafield>
  <datafield tag="505" ind1=" " ind2=" ">
    <subfield code="a">Contenido: Espa&#xF1;oles en nuevo mundo. Jorge Flores Ochoa. -- Fiesta del Wasichacuy en Marcapata.  Diana Castillo Cerf. -- Jos&#xE9; Mar&#xED;a Arguedas en Cusco. Ricardo Valderrama. -- Apellidos abor&#xED;genes andinos. Leandro Zans Candia. -- Econom&#xED;a de subsistencia en la globalizaci&#xF3;n. Mario Morvel&#xED; Salas. -- Demetrio Roca Wallparimachi y las clasificaciones &#xE9;tnicas.  Gonzalo Valderrama Escalante. -- Cosecha de agua de lluvia. Mar&#xED;a Consuelo Ancco. -- Arquitectura de obrajes y chorrillos cusque&#xF1;os. Inti Barreto Rivera. -- Producci&#xF3;n del habitar en Machupicchu. V&#xED;ctor Manuel Salas. -- Casas cusque&#xF1;as en inminente riesgo. Mariela Carrasco Gamarra. -- El pasado en el desarrollo humano. Fernando Oviedo Hinojosa. -- Transmisibilidad en maquinas rotativas. David Barrios B&#xE1;rcena. -- Miner&#xED;a y medio ambiente. &#xC1;ngel Bueno Galdo. -- El trigo. Jos&#xE9; &#xC1;ngel Escalante Guti&#xE9;rrez. -- Fl&#xF3;rula vascular en Machupicchu. Julio Gustavo Ochoa Estrada. -- Jos&#xE9; Mar&#xED;a Arguedas hacia el futuro. Efra&#xED;n Garc&#xE9;s Chalco. -- Dr. V&#xED;ctor Navarro del &#xC1;guila y el Machupicchu. Demetrio Roca Wallparimachi. -- T&#xFA;pac Amaru Kamaq Taytanchisman. Jos&#xE9; Mar&#xED;a Arguedas.</subfield>
  </datafield>
  <datafield tag="650" ind1=" " ind2=" ">
    <subfield code="a">Folklore cusque&#xF1;o</subfield>
    <subfield code="9">8693</subfield>
  </datafield>
  <datafield tag="650" ind1=" " ind2=" ">
    <subfield code="a">Identidad cultural</subfield>
    <subfield code="9">2943</subfield>
  </datafield>
  <datafield tag="650" ind1=" " ind2=" ">
    <subfield code="a">Jos&#xE9; Mar&#xED;a Arguedas</subfield>
    <subfield code="9">793</subfield>
  </datafield>
  <datafield tag="650" ind1=" " ind2=" ">
    <subfield code="a">Machupicchu</subfield>
    <subfield code="9">1751</subfield>
  </datafield>
  <datafield tag="700" ind1=" " ind2=" ">
    <subfield code="a">Flores Ochoa, Jorge</subfield>
    <subfield code="9">2915</subfield>
  </datafield>
  <datafield tag="700" ind1=" " ind2=" ">
    <subfield code="a">Morvel&#xED; Salas, Mario</subfield>
    <subfield code="9">7203</subfield>
  </datafield>
  <datafield tag="700" ind1=" " ind2=" ">
    <subfield code="a">Castillo Cerf, Diana</subfield>
    <subfield code="9">46957</subfield>
  </datafield>
  <datafield tag="700" ind1=" " ind2=" ">
    <subfield code="a">Arguedas, Jos&#xE9; Mar&#xED;a</subfield>
    <subfield code="9">790</subfield>
  </datafield>
  <datafield tag="700" ind1=" " ind2=" ">
    <subfield code="a">Valderrama Fern&#xE1;ndez, Ricardo</subfield>
    <subfield code="9">7653</subfield>
  </datafield>
  <datafield tag="710" ind1=" " ind2=" ">
    <subfield code="a">Universidad Nacional de San Antonio Abad del Cusco</subfield>
    <subfield code="9">15942</subfield>
  </datafield>
  <datafield tag="942" ind1=" " ind2=" ">
    <subfield code="2">ddc</subfield>
    <subfield code="c">PP</subfield>
  </datafield>
  <datafield tag="945" ind1=" " ind2=" ">
    <subfield code="a">rac</subfield>
  </datafield>
  <datafield tag="952" ind1=" " ind2=" ">
    <subfield code="0">0</subfield>
    <subfield code="2">ddc</subfield>
    <subfield code="4">0</subfield>
    <subfield code="7">0</subfield>
    <subfield code="a">HEM</subfield>
    <subfield code="b">HEM</subfield>
    <subfield code="c">CART</subfield>
    <subfield code="d">2022-01-13</subfield>
    <subfield code="g">10.00</subfield>
    <subfield code="o">Rev.Anto/N&#xB0;119/2011</subfield>
    <subfield code="p">REVC000461</subfield>
    <subfield code="r">2022-01-13</subfield>
    <subfield code="y">PP</subfield>
  </datafield>
</record>
